LEADER 01124nam0 22003133i 450 001 UTO0920614 005 20231121125917.0 100 $a20220921d1981 ||||0itac50 ba 101 | $aita 102 $ait 181 1$6z01$ai $bxxxe 182 1$6z01$an 200 1 $aSan Francesco d'Assisi$fRauol Manselli 205 $a2. ed. riveduta 210 $aRoma$cBulzoni$d1981 215 $a362 p. ;21 cm. 225 | $aBiblioteca di cultura$v182 410 0$1001CFI0000156$12001 $aBiblioteca di cultura$v182 606 $aFrancesco : d'Assisi $2FIR$3RMLC009762$9E 676 $a271.302$9Congregazioni e ordini religiosi nella storia della Chiesa. Francescani. Persone$v22 700 1$aManselli$b, Raoul$3CFIV022539$4070$0153506 801 3$aIT$bIT-01$c20220921 850 $aIT-FR0017 899 $aBiblioteca umanistica Giorgio Aprea$bFR0017 $eN 912 $aUTO0920614 950 0$aBiblioteca umanistica Giorgio Aprea$d 52DGA R 129$e 52SBA0000284965 VMB RS $fA $h20220921$i20220921 977 $a 52 996 $aS. Francesco d'Assisi$9470708 997 $aUNICAS